A fresh look at the Quran : (Record no. 332009)

000 -LEADER
fixed length control field 01012cam a2200289 i 4500
001 - CONTROL NUMBER
control field 18114264
003 - CONTROL NUMBER IDENTIFIER
control field NUST
005 - DATE AND TIME OF LATEST TRANSACTION
control field 20171107110041.0
008 - FIXED-LENGTH DATA ELEMENTS--GENERAL INFORMATION
fixed length control field 140414s2013 pk b 001 0 eng
010 ## - LIBRARY OF CONGRESS CONTROL NUMBER
LC control number 2013496393
020 ## - INTERNATIONAL STANDARD BOOK NUMBER
International Standard Book Number 9781490361383
040 ## - CATALOGING SOURCE
Original cataloging agency DLC
Language of cataloging eng
Description conventions rda
Transcribing agency DLC
042 ## - AUTHENTICATION CODE
Authentication code pcc
050 00 - LIBRARY OF CONGRESS CALL NUMBER
Classification number BP130.4
Item number .S378 2013
082 ## - DEWEY DECIMAL CLASSIFICATION NUMBER
Classification number 297.122
Author Mark SAR
100 1# - MAIN ENTRY--PERSONAL NAME
Personal name Sarwar, Syed Ghulam.
9 (RLIN) 6071
245 12 - TITLE STATEMENT
Title A fresh look at the Quran :
Remainder of title unmasking the truth /
Statement of responsibility, etc. Syed Ghulam Sarwar.
264 #1 - PRODUCTION, PUBLICATION, DISTRIBUTION, MANUFACTURE, AND COPYRIGHT NOTICE
Place of production, publication, distribution, manufacture Lahore, Pakistan :
Name of producer, publisher, distributor, manufacturer Syed Ghulam Sarwar ;
Date of production, publication, distribution, manufacture, or copyright notice 2013
300 ## - PHYSICAL DESCRIPTION
Extent 1 volume (various pagings) ;
Dimensions 23 cm
336 ## - CONTENT TYPE
Content type term text
Content type code txt
Source rdacontent
337 ## - MEDIA TYPE
Media type term unmediated
Media type code n
Source rdamedia
338 ## - CARRIER TYPE
Carrier type term volume
Carrier type code nc
Source rdacarrier
500 ## - GENERAL NOTE
General note Includes bibliographical references and index.
630 00 - SUBJECT ADDED ENTRY--UNIFORM TITLE
Uniform title Qurʼan
General subdivision Criticism, interpretation, etc.
9 (RLIN) 5998
630 00 - SUBJECT ADDED ENTRY--UNIFORM TITLE
Uniform title Qurʼan
General subdivision Commentaries.
9 (RLIN) 6072
906 ## - LOCAL DATA ELEMENT F, LDF (RLIN)
a 7
b cbc
c orignew
d 2
e ncip
f 20
g y-gencatlg
942 ## - ADDED ENTRY ELEMENTS (KOHA)
Source of classification or shelving scheme
Koha item type Book
Holdings
Withdrawn status Lost status Source of classification or shelving scheme Damaged status Not for loan Permanent Location Current Location Shelving location Date acquired Total Checkouts Full call number Barcode Date last seen Date last checked out Copy number Price effective from Koha item type
          Central Library (CL) Central Library (CL) First Floor - Islam 11/07/2017 3 297.122 SAR CL2677 02/23/2019 01/30/2019 1 11/07/2017 Book
© 2023 Central Library, National University of Sciences and Technology. All Rights Reserved.